| 000 | 00682nam a2200241Ia 4500 | ||
|---|---|---|---|
| 999 |
_c60940 _d60940 |
||
| 003 | 0100 | ||
| 005 | 20170502102834.0 | ||
| 008 | 130303s9999 xx 000 0 und d | ||
| 040 | _cARRUPELIB | ||
| 050 | _aDT963.A3Z3 NO. 6 | ||
| 100 |
_aLombard, C. Stephen _928977 |
||
| 245 | 4 | _aThe growth of co-operatives in Zambia | |
| 245 | _b1914-71 | ||
| 260 |
_bUniversity of Zambia _aLusaka _c1971 |
||
| 300 | _a40p. | ||
| 300 | _b 23cm | ||
| 440 |
_aZambian Papers no. 6 _930242 |
||
| 650 |
_aCo-operative societies _xZambia _930243 |
||
| 942 |
_2lcc _cMONOGRAPH |
||